000 00867cam a2200253 4500
001 5857
003 OCoLC
005 20181127180424.0
008 080612s2009 enkaf 001 0 eng
020 _a9781845298197
_c(pbk.)
100 _aSardar, Ziauddin.
_b
_c
_d
_e
_q
245 0 4 _aEncyclopaedia the Britannica guide to the Islamic world :
_breligion, history, and the future /
_cintroduction by Ziauddin Sardar
246 _aEncyclopedia the Britannica guide to the Islamic world :
_b
_f
_h
_i
_n
_p
246 3 0 _aBritannica guide to the Islamic world
246 3 0 _aIslamic world
260 _aLondon :
_bRobinson ;
_c2009
300 _axix, 432 p., [8] p. of plates :
_bill. ;
_c20 cm
440 0 _aBritannica guide series
500 _aIncludes index
650 0 _aIslam
650 0 _aIslamic art
651 0 _aIslamic countries
651 0 _aIslamic countries
_xHistory
999 _c4947
_d4947